000 00419nam a2200133Ia 4500
005 20260328101451.0
008 260328s9999||||xx |||||||||||||| ||und||
100 _aErroz, Francisco Javier
245 0 _aArquitectura de principios del Siglo XX en Panamá :
_b Art Noveau, art deco, streamline /
_cFrancisco Javier Erroz
260 _bCultural Portobelo
300 _a41 p.
650 _aARQUITECTURA REGIONAL
942 _cBK
999 _c8669
_d8669